| 000 | 00528nam a22001937a 4500 | ||
|---|---|---|---|
| 003 | NUST - PNEC | ||
| 005 | 20170116180810.0 | ||
| 008 | 150427b xxu||||| |||| 00| 0 eng d | ||
| 020 | _a9781133313014 | ||
| 040 | _cLIBRARY | ||
| 082 | _a428..24 HUM | ||
| 100 |
_93252 _aHumphreys, Pamela |
||
| 245 |
_aIELTS express : intermediate workbook _cPamela Humphreys |
||
| 250 | _a2nd ed | ||
| 260 |
_aChina _bHeinle Cengage Learning _cc2013. |
||
| 300 | _a104 p. : | ||
| 650 |
_93253 _aEnglish language _xGeneral |
||
| 942 |
_2ddc _cBK |
||
| 999 |
_c63325 _d63325 |
||